Текст томруулах:    
Group interactive art therapy (Бичлэгийн дугаар. 146820)
000 -УДИРДЛАГА
Удирдлага 00711nam a22002417a 4500
003 - ХЯНАЛТЫН ТОО ТОДОРХОЙЛОГЧ
Код MN-UlNUM
005 - БИЧИЛТ ХИЙСЭН ОГНОО
Тухайн бичилтийг бичсэн засварласан сүүлийн огноо 20260401163239.0
008 - ЕРӨНХИЙ МЭДЭЭЛЭЛ
Ерөнхий мэдээлэл 260401s1993 enka b 001 0 eng c
020 ## - ISBN
ISBN 0415048435
-- 0415048433
040 ## - БИЧЛЭГ ҮҮСГЭГЧ БАЙГУУЛЛАГА
Бичлэг үүсгэгч номын сангийн код МУИС-ийн номын сан
084 ## - ББК АНГИЛАЛ
Нэмэлт тусгалт Нэг сэдэвт бүтээл
ББК ангилал 53.57
Зохиогчийн гурван тэмдэгт W 20
Мэдлэгийн ялгаа 5 - Эрүүлийг хамгаалах анагаах
100 ## - ЗОХИОГЧ
Зохиогчийн нэр Waller, Diane
245 ## - ҮНДСЭН ГАРЧИГ
Номын нэр Group interactive art therapy
Бага гарчгийн мэдээ its use in training and treatment
260 ## - ГАРАЛТЫН МЭДЭЭ
Хэвлэгдсэн газар London
Хэвлэлийн газар Routledge
Хэвлэгдсэн он 1993
300 ## - МАТЕРИАЛЫН ТОДОРХОЙЛОЛТ
хуудасны тоо viii, 165 p. :
Бусад тоон мэдээлэл ill. (some col.) ;
Хэмжээ 24 cm
500 ## - Тайлбар
Дансны дугаар БС 4475
546 ## - ХЭЛНИЙ ТУХАЙ МЭДЭЭ
Хэл Англи хэл дээр,
653 ## - Түлхүүр үг
Түлхүүр үг art therapy
653 ## - Түлхүүр үг
Түлхүүр үг group psychotherapy
942 ## - ЭЛЕМЕНТИЙН ТӨРӨЛ
Зүйлийн төрөл Ном